Very Difficult Flags #15 - Statistics

General Stats
  • This quiz has been taken 52 times
  • The average score is 4 of 16
Answer Stats
Picture Answer % Correct
Brunei
100%
Mali
89%
Hogwarts
57%
Cayman Islands
43%
Non-Binary
25%
Murcia
18%
Cascadia
16%
Molossia
11%
Orkney Islands
11%
Rio De Janeiro
7%
Smaland
7%
Vancouver
7%
Baltistan
5%
Latveria
5%
Long Island
5%
Vinland
5%
No matching quizzes found
Score Distribution
Percent of People with Each Score
Percentile by Number Answered
Your Score History
You have not taken this quiz